<?xml version="1.0" encoding="UTF-8"?>
<collection xmlns="http://www.loc.gov/MARC21/slim">
 <record>
  <leader>00545nas a2200145 i 4500</leader>
  <controlfield tag="001">misc18075</controlfield>
  <controlfield tag="005">20191106140926.0</controlfield>
  <controlfield tag="008">170616s1999    hu      o     0||   zxx d</controlfield>
  <datafield tag="022" ind1=" " ind2=" ">
   <subfield code="a">0025-0260</subfield>
  </datafield>
  <datafield tag="040" ind1=" " ind2=" ">
   <subfield code="a">SZTE Miscellanea Repozitórium</subfield>
   <subfield code="b">hun</subfield>
  </datafield>
  <datafield tag="041" ind1=" " ind2=" ">
   <subfield code="a">zxx</subfield>
  </datafield>
  <datafield tag="245" ind1="0" ind2="0">
   <subfield code="a">Magyar Pedagógia. - 99. évf. (1999) 3. sz.</subfield>
   <subfield code="h">[elektronikus dokumentum]</subfield>
  </datafield>
  <datafield tag="260" ind1=" " ind2=" ">
   <subfield code="c">1999</subfield>
  </datafield>
  <datafield tag="490" ind1="0" ind2=" ">
   <subfield code="a">Magyar pedagógia : a Magyar Tudományos Akadémia Pedagógiai Bizottságának folyóirata</subfield>
   <subfield code="v">99 No. 3</subfield>
  </datafield>
  <datafield tag="856" ind1="4" ind2="0">
   <subfield code="u">http://misc.bibl.u-szeged.hu/18075/1/mp_1999_003.pdf</subfield>
   <subfield code="z">Dokumentum-elérés </subfield>
  </datafield>
 </record>
</collection>
